| 000 | 00571nam a2200217Ia 4500 | ||
|---|---|---|---|
| 005 | 20250425162428.0 | ||
| 008 | 250425s9999 xx 000 0 und d | ||
| 020 | _a9872135576 | ||
| 041 | _aspa | ||
| 082 | _a629.2 | ||
| 100 | _aGUALTIERI, PABLO J. | ||
| 245 | 0 | _aMANUAL PARA EL USUARIO AUTOMOTOR: LA ELECTRICIDAD EN EL AUTOMOVIL | |
| 250 | _a1A ED. | ||
| 260 |
_aArgentina _bNEGRI _c2004 |
||
| 260 | _aBUENOS AIRES | ||
| 300 | _a67 | ||
| 650 | _aELECTRICIDAD EN EL AUTOMOVIL | ||
| 650 | _aMANUAL PARA EL USUARIO AUTOMOTOR | ||
| 942 | _c01 | ||
| 010 | _a73090 | ||
| 999 |
_c229037 _d229037 |
||